000 01011nam a2200241 i 4500
001 95002
003 ES-MaACL
005 20250823063048.0
007 t|
008 050519s1962 sp ||||1| spa d
100 0 _aLuis de Granada,
_c(O.P.),
_d1504-1588
_974687
245 1 0 _aHistoria de sor María de la Visitación ; y Sermón de las caídas públicas
_b: estudio preliminar de Alvaro Huerga, O.P.; prólogo de sister John Emmanuel Schuyler, S.S.J.; edición deBernardo Velado Graña.
260 _aBarcelona :
_bJuan Flors,
_c1962.
300 _aX, 413 p., 1 h., 1 lám ;
_c1962.
490 1 _aEspirituales Españoles. Serie A: Textos ;
_vIX
600 1 4 _aMaría da Visitaçao.
_9156103
700 1 _aHuerga, Álvaro (
_d1923-2018)
_9140640
700 1 _aSchuyler, John Emmanuel.
_9156104
700 1 _aVelado Graña, Bernardo,
_d1922-2012
_9156105
830 0 _aEspirituales Españoles. Serie A: Textos ;
_vIX
_9183485
852 _aES-MaACL
_jB-12289
_bR.51845
999 _c95002
_d95002